<?xml version="1.0" encoding="UTF-8"?><?xml-stylesheet type="text/xsl" href="static/style.xsl"?><OAI-PMH xmlns="http://www.openarchives.org/OAI/2.0/" xmlns:xsi="http://www.w3.org/2001/XMLSchema-instance" xsi:schemaLocation="http://www.openarchives.org/OAI/2.0/ http://www.openarchives.org/OAI/2.0/OAI-PMH.xsd"><responseDate>2026-06-01T05:30:34Z</responseDate><request verb="GetRecord" identifier="oai:riuma.uma.es:10630/17570" metadataPrefix="marc">https://riuma.uma.es/rest/oai/request</request><GetRecord><record><header><identifier>oai:riuma.uma.es:10630/17570</identifier><datestamp>2026-02-03T12:01:10Z</datestamp><setSpec>com_10630_2254</setSpec><setSpec>col_10630_37959</setSpec></header><metadata><record xmlns="http://www.loc.gov/MARC21/slim" xmlns:dcterms="http://purl.org/dc/terms/" xmlns:doc="http://www.lyncode.com/xoai" xmlns:xsi="http://www.w3.org/2001/XMLSchema-instance" xsi:schemaLocation="http://www.loc.gov/MARC21/slim http://www.loc.gov/standards/marcxml/schema/MARC21slim.xsd">
   <leader>00925njm 22002777a 4500</leader>
   <datafield ind2=" " ind1=" " tag="042">
      <subfield code="a">dc</subfield>
   </datafield>
   <datafield ind2=" " ind1=" " tag="720">
      <subfield code="a">Nielsen-Rodríguez, Adriana</subfield>
      <subfield code="e">author</subfield>
   </datafield>
   <datafield ind2=" " ind1=" " tag="720">
      <subfield code="a">Romance-García, Ángel Ramón</subfield>
      <subfield code="e">author</subfield>
   </datafield>
   <datafield ind2=" " ind1=" " tag="260">
      <subfield code="c">2019-04-25</subfield>
   </datafield>
   <datafield ind2=" " ind1=" " tag="520">
      <subfield code="a">La investigación educativa actual ha dejado en evidencia que para alcanzar un óptimo desarrollo cerebral y cognitivo que redunde en una mejora de los procesos de aprendizaje se necesita de movimiento, acción y exploración activa por parte del niño, y más aún si hablamos de la etapa de Educación Infantil, en la que se establece la arquitectura cerebral, existen una intensa actividad neural y maduración neuromuscular y las funciones ejecutivas comienzan a desarrollarse.&#xd;
Sin embargo, la cada vez mayor tasa de inactividad infantil hace preciso un cambio radical en los modos de enseñar y aprender, lo cual incluye la implantación de metodologías activas e innovadoras. Nuestro objetivo es identificar metodologías activas que se estén implementando en Educación Infantil y descubrir cómo influyen en el movimiento del alumnado, contribuyendo a instaurar hábitos más activos en las escuelas que repercutan de manera beneficiosa en el desarrollo cognitivo infantil. Para ello adoptamos una perspectiva analítico-descriptiva, empleando la metodología del estudio multi-caso junto con otras técnicas y herramientas de recogida y análisis de la información.</subfield>
   </datafield>
   <datafield ind1="8" ind2=" " tag="024">
      <subfield code="a">https://hdl.handle.net/10630/17570</subfield>
   </datafield>
   <datafield tag="653" ind2=" " ind1=" ">
      <subfield code="a">Educación infantil</subfield>
   </datafield>
   <datafield tag="653" ind2=" " ind1=" ">
      <subfield code="a">Actividad física</subfield>
   </datafield>
   <datafield tag="653" ind2=" " ind1=" ">
      <subfield code="a">Desarrollo cognitivo</subfield>
   </datafield>
   <datafield tag="653" ind2=" " ind1=" ">
      <subfield code="a">Educación - Innovaciones</subfield>
   </datafield>
   <datafield tag="653" ind2=" " ind1=" ">
      <subfield code="a">Métodos activos en la educación</subfield>
   </datafield>
   <datafield ind2="0" ind1="0" tag="245">
      <subfield code="a">Metodologías Activas: Movimiento para el Desarrollo Cognitivo en Educación Infantil</subfield>
   </datafield>
</record>
</metadata></record></GetRecord></OAI-PMH>